00544nam a22001812 4500001001100000005001700011008004100028020001700069040001500086100003500101245008000136250001200216260003800228300001500266650003800281650004000319852000300359000001967620151217155902.0110119s xx 000 0 eng d a9966975705 : aKABUcKABU1 aNg'ang'a, Wanguhu.@000017954510aKenya's ethnic communities :bFoundation of the nation /cWanguhu Ng'ang'a. a1st ed. aNairobi, Kenya :bGatundu,c2006. axxvi,822p. 0aEthnic groupszKenya.@0000179546 0aEthnic relationzKenya.@00001795471